Central Library OPAC University of Rajshahi

চাকমা সমাজ ও সংস্কৃতি / (Record no. 83957)

MARC details
000 -LEADER
fixed length control field 01057nam a2200241 a 4500
001 - CONTROL NUMBER
control field 83957
003 - CONTROL NUMBER IDENTIFIER
rucl marc code BD-RjUL
005 - DATE AND TIME OF LATEST TRANSACTION
control field 20240704121704.0
008 - FIXED-LENGTH DATA ELEMENTS--GENERAL INFORMATION
fixed length control field 240704s1998 bg ||||| |||| 00| 0 ben d
035 ## - SYSTEM CONTROL NUMBER
System control number (BD-RjUL) 83957
040 ## - CATALOGING SOURCE
Original cataloging agency BD-RjUL
Language of cataloging eng
Transcribing agency BD-RjUL
041 ## - LANGUAGE CODE
Language code of text/sound track or separate title ben
082 ## - DEWEY DECIMAL CLASSIFICATION NUMBER
Edition number 23
Classification number 307.7720954929
Author mark and year CHC 1998
100 ## - MAIN ENTRY--PERSONAL NAME
Personal name চাকমা, বঙ্কিম চন্দ্র
9 (RLIN) 13430
245 ## - TITLE STATEMENT
Title চাকমা সমাজ ও সংস্কৃতি /
Statement of responsibility, etc. বঙ্কিম চন্দ্র চাকমা
260 ## - PUBLICATION, DISTRIBUTION, ETC. (IMPRINT)
Place of publication, distribution, etc. রাঙ্গামাটি :
Name of publisher, distributor, etc. উপজাতীয় সাংস্কৃতিক ইনষ্টিটিউট,
Date of publication, distribution, etc. ১৯৯৮
300 ## - PHYSICAL DESCRIPTION
Pagination ১৪৪পৃ.:
Illustrations চিত্রসমূহ;
Size ২২ সেমি.
650 ## - SUBJECT ADDED ENTRY--TOPICAL TERM
Topical term or geographic name as entry element উপজাতি
Geographic subdivision রাঙামাটি পার্বত্য অঞ্চল
9 (RLIN) 13431
Topical term or geographic name as entry element Tribes
Geographic subdivision Rangamati Hill Tracts
9 (RLIN) 13432
Topical term or geographic name as entry element উপজাতি
Geographic subdivision বাংলাদেশ
9 (RLIN) 13433
Topical term or geographic name as entry element Tribes
Geographic subdivision Bangladesh
9 (RLIN) 13434
942 ## - ADDED ENTRY ELEMENTS (KOHA)
Source of classification or shelving scheme Dewey Decimal Classification
Koha item type Books
Holdings
Lost status Source of classification or shelving scheme Damaged status Not for loan Collection code Permanent Location Current Location Shelving location Date acquired Source of acquisition Cost, normal purchase price Total Checkouts Full call number Date last seen Copy number Koha item type
  Dewey Decimal Classification   Not For Loan Non-fiction Central Library, University of Rajshahi Central Library, University of Rajshahi Reading Room 12/04/2024 Author 90.00   B 307.7720954929 CHC 1998 04/07/2024 C-1 Books